| 000 | 01527nam0a2200373 4500 | ||
|---|---|---|---|
| 001 | RU\NLR\bibl\1273895 | ||
| 005 | 20260406152348.0 | ||
| 010 |
_a978-5-85247-190-1 _91000 |
||
| 021 |
_aRU _b2008-57030 _93174 |
||
| 035 | _a(nilc)EL/0000204211 | ||
| 035 | _aRU\LSL\Books\2527092 | ||
| 035 | _a(NLR Aleph) 001259743 | ||
| 090 |
_a371494 _c371494 |
||
| 100 | _a20080627d2008 |||y0rusy50 ca | ||
| 101 | 0 | _arus | |
| 102 | _aRU | ||
| 105 | _aa ||||||||| | ||
| 200 | 1 |
_aНовейшие очерки бурсы _eиз воспоминаний выпускников Тобольской Православной Духовной семинарии _fсост. Николай Бернс |
|
| 210 |
_aКазань _cИдел-Пресс _d2008 |
||
| 215 |
_a95 с. _cил., факс. _d22 |
||
| 601 | 0 | 2 |
_aТобольская православная духовная семинария _jВоспоминания, записки и т.п. _92525745 _3RU\NLR\auth\661496357 |
| 686 |
_aЭ372.24-677.3 _vLBC/SL _2rubbk |
||
| 686 |
_a21.61.31 _2rugasnti |
||
| 686 | _aЭ372.24-677.3,13 | ||
| 702 | 1 |
_aБернс _bН. А. _gНиколай А _4220 |
|
| 711 | 0 | 2 |
_aТобольская духовная семинария _3RU\NLR\AUTH\889927815 _9351248 |
| 801 | 0 |
_aRU _bНБ Казанского ГУ _c20080627 _gRCR |
|
| 801 | 1 |
_aRU _bНБ Казанского ГУ _c20080709 _gRCR |
|
| 801 | 2 |
_aRU _bNLR _c20080916 _grcr |
|
| 942 | _cBOOK | ||
| 980 | _aNB | ||
| 980 | _aNBR | ||